000 00309nam a2200133Ia 4500
100 _aNational Productivity Council
942 _cBK
654 _aAluminum Door
245 _aAluminum Door &Window Sash
260 _bNational Productivity Council
_c2001
082 _a684
300 _a42
546 _aENGLISH
999 _c29010
_d29010